[Event "Bois Gentil op"]
[Site "Geneve"]
[Date "2014.02.28"]
[Round "7"]
[White "Mylonas, Denis"]
[Black "Corbat, Philippe"]
[Result "0-1"]
[WhiteElo "1431"]
[BlackElo "1579"]
[PlyCount "74"]
[EventDate "2014.01.10"]
[EventType "swiss"]
[EventRounds "7"]
[EventCountry "SUI"]
[SourceTitle "CBM 158 Extra"]
[Source "ChessBase"]
[SourceDate "2014.02.28"]
[SourceVersion "1"]
[SourceVersionDate "2014.02.28"]
[SourceQuality "1"]

1. d4 d5 2. c4 Nf6 3. Nc3 Bf5 4. Nf3 e6 5. a3 c5 6. Bf4 cxd4 7. Qxd4 Nc6 8. Qd1 Bc5 9. e3 0-0 10. Be2 d4 11. exd4 Bxd4 12. 0-0 Bxc3 13. Qxd8 Rfxd8 14. bxc3 h6 15. Ne5 Nxe5 16. Bxe5 Nd7 17. f4 Nxe5 18. fxe5 Rd2 19. Bf3 Rb8 20. Rfe1 b6 21. Re3 Bd3 22. a4 Bxc4 23. Rb1 a5 24. Bd1 g6 25. Bb3 Bd3 26. Rc1 b5 27. Rd1 Rxd1+ 28. Bxd1 Bc4 29. Re4 Bd5 30. Rd4 bxa4 31. Bxa4 Rc8 32. Rd3 Rc5 33. Kf2 Kg7 34. Re3 g5 35. Ke2 Bxg2 36. Kd3 Bf1+ 37. Kd4 Rc4# 0-1

[Event "Bois Gentil op"]
[Site "Geneve"]
[Date "2014.01.10"]
[Round "1"]
[White "Mylonas, Denis"]
[Black "De Abreu, Orlando"]
[Result "0-1"]
[WhiteElo "1431"]
[BlackElo "2012"]
[PlyCount "40"]
[EventDate "2014.01.10"]
[EventType "swiss"]
[EventRounds "7"]
[EventCountry "SUI"]
[SourceTitle "CBM 158 Extra"]
[Source "ChessBase"]
[SourceDate "2014.02.28"]
[SourceVersion "1"]
[SourceVersionDate "2014.02.28"]
[SourceQuality "1"]

1. d4 d5 2. c4 e6 3. Nc3 c5 4. Nf3 Nc6 5. Bf4 a6 6. e4 dxe4 7. Nxe4 cxd4 8. Ne5 Nxe5 9. Bxe5 Qa5+ 10. Nd2 Qxe5+ 11. Be2 d3 12. Nf3 Bb4+ 13. Kf1 dxe2+ 14. Qxe2 Qxe2+ 15. Kxe2 Nf6 16. a3 Be7 17. Rhe1 Bd7 18. Kf1 Bc6 19. Ne5 0-0 20. Nxc6 bxc6 0-1